Possibilities of team teaching in economic education
Saved in:
| Main Author: | |
|---|---|
| Other Authors: | |
| Format: | Book Chapter |
| Language: | English |
| Subjects: | |
| Tags: |
No Tags, Be the first to tag this record!
|
MARC
| LEADER | 00000nla a2200000 4500 | ||
|---|---|---|---|
| 001 | 0168549 | ||
| 005 | 20240530090017.0 | ||
| 041 | 0 | |a eng | |
| 044 | |a CZ | ||
| 245 | 1 | 0 | |a Possibilities of team teaching in economic education |c Ľudmila Velichová, Darina Orbánová |
| 610 | 2 | 0 | |a vyučovanie |
| 610 | 2 | 0 | |a vzdelávanie |
| 610 | 2 | 0 | |a ekonómia |
| 610 | 2 | 0 | |a firmy cvičné |
| 100 | 1 | |a Velichová, Ľudmila | |
| 700 | 1 | |a Orbánová, Darina | |